| 000 | 01332nam a22003254a 4500 | ||
|---|---|---|---|
| 001 | ebr10103783 | ||
| 003 | CaPaEBR | ||
| 006 | m u | ||
| 007 | cr cn||||||||| | ||
| 008 | 040830s2005 enka sb 001 0 eng | ||
| 010 | _z 2004051337 | ||
| 020 | _z1403947902 | ||
| 040 |
_aCaPaEBR _cCaPaEBR |
||
| 035 | _a(OCoLC)559943183 | ||
| 050 | 1 | 4 |
_aHF1414 _b.C6645 2005eb |
| 082 | 0 | 4 |
_a338.6/048 _222 |
| 100 | 1 |
_aConrad, Christian A., _d1966- |
|
| 245 | 1 | 0 |
_aImproving international competition order _h[electronic resource] : _ban institutional approach / _cChristian A. Conrad. |
| 260 |
_aHoundmills, Basingstoke, Hampshire ; _aNew York : _bPalgrave Macmillan, _c2005. |
||
| 300 |
_aviii, 151 p. : _bill. |
||
| 504 | _aIncludes bibliographical references (p. 135-148) and index. | ||
| 533 |
_aElectronic reproduction. _bPalo Alto, Calif. : _cebrary, _d2013. _nAvailable via World Wide Web. _nAccess may be limited to ebrary affiliated libraries. |
||
| 650 | 0 | _aCompetition, International. | |
| 650 | 0 |
_aCompetition _xGovernment policy. |
|
| 650 | 0 | _aInternational economic relations. | |
| 650 | 0 | _aGlobalization. | |
| 655 | 7 |
_aElectronic books. _2local |
|
| 710 | 2 | _aebrary, Inc. | |
| 856 | 4 | 0 |
_uhttp://site.ebrary.com/lib/rucke/Doc?id=10103783 _zAn electronic book accessible through the World Wide Web; click to view |
| 999 |
_c206441 _d206441 |
||